000 00473cam a2200157 a 4500
020 _a0600347613 :
022 _a0792456572
082 0 0 _a956
_bWES
_cL-NUST, P-39
100 1 _aWestwood, J. N.
_946529
245 1 4 _aThe history of the Middle East wars /
_cJ.N. Westwood.
260 _aLondon ;
_aNew York :
_bHamlyn,
_cc1984.
300 _a189 p. :
_bill. (some col.) ;
_c32 cm.
500 _aIncludes index.
526 _a0
_b0
_c0
_d956_000000000000000_WES
942 _2ddc
_cBK
999 _c549843
_d549843